Engineering mechanics : (Record no. 826)
[ view plain ]
| 000 -LEADER | |
|---|---|
| fixed length control field | 00652nac a22001811u 4500 |
| 020 ## - INTERNATIONAL STANDARD BOOK NUMBER | |
| International Standard Book Number | 8125912959 |
| 082 00 - DEWEY DECIMAL CLASSIFICATION NUMBER | |
| Classification number | 620.1 |
| Item number | R1615 |
| 090 ## - LOCALLY ASSIGNED LC-TYPE CALL NUMBER (OCLC); LOCAL CALL NUMBER (OCLC) | |
| -- | 826 |
| -- | 826 |
| 100 ## - MAIN ENTRY--PERSONAL NAME | |
| Personal name | Rajasekaran, S. |
| 245 00 - TITLE STATEMENT | |
| Title | Engineering mechanics : |
| Statement of responsibility, etc | S. Rajasekaran, G. Sankarasubramanian. |
| Remainder of title | Statics and dynamics |
| 260 ## - PUBLICATION, DISTRIBUTION, ETC. (IMPRINT) | |
| Place of publication, distribution, etc | New Delhi : |
| Name of publisher, distributor, etc | Vikas Publishing House, |
| Date of publication, distribution, etc | 2002. |
| 300 ## - PHYSICAL DESCRIPTION | |
| Other physical details | ill. ; |
| Dimensions | 24 cm. |
| 500 ## - GENERAL NOTE | |
| General note | Includes indexes. |
| 650 #0 - SUBJECT ADDED ENTRY--TOPICAL TERM | |
| Topical term or geographic name as entry element | Mechanics, Applied. |
| 700 1# - ADDED ENTRY--PERSONAL NAME | |
| Personal name | Sankarasubramanian, G. |
| 942 ## - ADDED ENTRY ELEMENTS (KOHA) | |
| Item type | Book - Borrowing |
| Call number prefix | 620.1R1615 |
| Withdrawn status | Item status | Source of classification or shelving scheme | Damaged status | Not for loan | Vendor | Home library | Current library | Shelving location | Date acquired | Source of acquisition | Cost, normal purchase price | Total Checkouts | Full call number | Barcode | Date last seen | Cost, replacement price | Koha item type |
|---|---|---|---|---|---|---|---|---|---|---|---|---|---|---|---|---|---|
| Dewey Decimal Classification | Central Library | Central Library | First floor | 31/07/2006 | 120.00 | 2 | 620.1 RAJ | 000003731 | 15/07/2025 | 150.00 | Book - Borrowing |